000 00529nam a22001577a 4500
999 _c60529
_d60529
005 20230814104305.0
008 230814s1974 pl ||||| |||| 00| 0 Pau d
041 _aPau
080 _a902/904 K-81
100 _a Kraskovská, L̕udmila
_919669
245 _aGerulata-Rusovce:
_brímske pohrebisko, Volume 1 /
_cL̕udmila Kraskovská.
264 _aBratislava,
_c1974.
300 _a246 p.:
_bill.;
_c24 cm.
653 _aგერულატა-რუსოვცე: რომაული სამარხი
942 _2udc
_cBK